<?xml version="1.0" encoding="UTF-8"?>
<record
    xmlns:xsi="http://www.w3.org/2001/XMLSchema-instance"
    xsi:schemaLocation="http://www.loc.gov/MARC21/slim http://www.loc.gov/standards/marcxml/schema/MARC21slim.xsd"
    xmlns="http://www.loc.gov/MARC21/slim">

  <leader>00783nam a22002177a 4500</leader>
  <controlfield tag="003">OSt</controlfield>
  <controlfield tag="005">20201026130454.0</controlfield>
  <controlfield tag="008">201026s1983    ck ||||gr|||| 00| 0dspa d</controlfield>
  <datafield tag="040" ind1=" " ind2=" ">
    <subfield code="a">CO-JMCR</subfield>
    <subfield code="c">CO-JMCR</subfield>
  </datafield>
  <datafield tag="041" ind1="0" ind2=" ">
    <subfield code="a">spa</subfield>
  </datafield>
  <datafield tag="082" ind1="0" ind2="4">
    <subfield code="a">923.587 / </subfield>
    <subfield code="b">B689e</subfield>
    <subfield code="2">23</subfield>
  </datafield>
  <datafield tag="100" ind1="1" ind2=" ">
    <subfield code="a">Bol&#xED;var, Sim&#xF3;n, </subfield>
    <subfield code="d">1783-1830</subfield>
    <subfield code="e">autor</subfield>
    <subfield code="9">11959</subfield>
  </datafield>
  <datafield tag="245" ind1="1" ind2="0">
    <subfield code="a">Escritos selectos del libertador / </subfield>
    <subfield code="c">Sim&#xF3;n Bol&#xED;var </subfield>
  </datafield>
  <datafield tag="260" ind1=" " ind2=" ">
    <subfield code="a">Bogot&#xE1; : </subfield>
    <subfield code="b">El Greco, </subfield>
    <subfield code="c">1983.</subfield>
  </datafield>
  <datafield tag="300" ind1=" " ind2=" ">
    <subfield code="a">73 p&#xE1;ginas ; </subfield>
    <subfield code="c">22 cm.</subfield>
  </datafield>
  <datafield tag="505" ind1="0" ind2=" ">
    <subfield code="a">Manifiesto de cartagena -- Carta de Jamaica -- Discurso de angosturas -- Credo -- Un canto para Bol&#xED;var -- Nocturno del libertador </subfield>
  </datafield>
  <datafield tag="650" ind1="2" ind2="4">
    <subfield code="a">Bol&#xED;var, Sim&#xF3;n, </subfield>
    <subfield code="y">1783-1830</subfield>
    <subfield code="9">11960</subfield>
  </datafield>
  <datafield tag="650" ind1="2" ind2="4">
    <subfield code="a">Homenaje </subfield>
    <subfield code="x">Sim&#xF3;n Bol&#xED;var</subfield>
    <subfield code="9">11961</subfield>
  </datafield>
  <datafield tag="650" ind1="2" ind2="4">
    <subfield code="a">Escritos </subfield>
    <subfield code="x">Sim&#xF3;n Bol&#xED;var</subfield>
    <subfield code="9">11962</subfield>
  </datafield>
  <datafield tag="942" ind1=" " ind2=" ">
    <subfield code="2">ddc</subfield>
    <subfield code="c">BK</subfield>
  </datafield>
  <datafield tag="999" ind1=" " ind2=" ">
    <subfield code="c">6970</subfield>
    <subfield code="d">6970</subfield>
  </datafield>
  <datafield tag="952" ind1=" " ind2=" ">
    <subfield code="0">0</subfield>
    <subfield code="1">0</subfield>
    <subfield code="2">ddc</subfield>
    <subfield code="4">0</subfield>
    <subfield code="7">0</subfield>
    <subfield code="a">CPL</subfield>
    <subfield code="b">CPL</subfield>
    <subfield code="c">GEN</subfield>
    <subfield code="d">2020-10-02</subfield>
    <subfield code="e">Donaci&#xF3;n</subfield>
    <subfield code="l">1</subfield>
    <subfield code="o">923.587 / B689e</subfield>
    <subfield code="p">201810275</subfield>
    <subfield code="r">2024-11-12 16:08:04</subfield>
    <subfield code="s">2024-11-08</subfield>
    <subfield code="t">Ej.1</subfield>
    <subfield code="w">2020-10-02</subfield>
    <subfield code="y">BK</subfield>
  </datafield>
</record>
